| 000 -LEADER |
| fixed length control field |
01500nam a22001577a 4500 |
| 008 - FIXED-LENGTH DATA ELEMENTS--GENERAL INFORMATION |
| fixed length control field |
230915b ||||| |||| 00| 0 eng d |
| 100 ## - MAIN ENTRY--PERSONAL NAME |
| Personal name |
Fabre, Anaïs and Straub, Stéphane |
| 245 ## - TITLE STATEMENT |
| Title |
The impact of public–private partnerships (PPPS) in infrastructure, health, and education |
| 260 ## - PUBLICATION, DISTRIBUTION, ETC. (IMPRINT) |
| Place of publication, distribution, etc |
Journal of Economic Literature |
| 300 ## - PHYSICAL DESCRIPTION |
| Extent |
61(2), Jun, 2023: p.655-715 |
| 520 ## - SUMMARY, ETC. |
| Summary, etc |
This paper summarizes what is known about the impact of public–private partnerships (PPPs) in the three sectors where they have been used intensively: infrastructure (energy, transport, water and sanitation, and telecommunications), education, and health. It lays out the main elements of economic theory relevant to analyzing the trade-off between PPPs and the public provision of complex projects. It places PPPs within a historical perspective. It reviews empirical evaluations of the effectiveness of PPPs and, whenever possible, the implications for social outcomes. Finally, it draws conclusions on cross-cutting issues that influence the efficiency of PPPs, from contract design and regulation to renegotiations and institutional issues. The paper straightens out and qualifies the record of existing evidence and signals some of the main areas and topics for future fruitful research.- Reproduced |
| 650 ## - SUBJECT ADDED ENTRY--TOPICAL TERM |
| Topical term or geographic name as entry element |
Public–private partnerships, PPPS, Infrastructure, Health, Education |
| 9 (RLIN) |
43716 |
| 773 ## - HOST ITEM ENTRY |
| Main entry heading |
Journal of Economic Literature |
| 906 ## - LOCAL DATA ELEMENT F, LDF (RLIN) |
| Subject DIP |
PUBLIC PRIVATE PARTNERSHIP |
| 942 ## - ADDED ENTRY ELEMENTS (KOHA) |
| Item type |
Articles |